សុវុឌ្ឍិកម្មព្រៃគុប ឆ្នាំ ១៩៨៧ អនុតំបន់ ១៨ នៅស្រុកស្នួល ខេត្តក្រចេះ (Record no. 2937)
[ view plain ]
| 000 -LEADER | |
|---|---|
| fixed length control field | 00589nam a22001577a 4500 |
| 003 - CONTROL NUMBER IDENTIFIER | |
| control field | OSt |
| 005 - DATE AND TIME OF LATEST TRANSACTION | |
| control field | 20151101145403.0 |
| 008 - FIXED-LENGTH DATA ELEMENTS--GENERAL INFORMATION | |
| fixed length control field | 151101b xxu||||| |||| 00| 0 eng d |
| 040 ## - CATALOGING SOURCE | |
| Transcribing agency | RUA |
| 082 ## - DEWEY DECIMAL CLASSIFICATION NUMBER | |
| Classification number | FOR ឡុង 1991 B116 Or.1 |
| 100 ## - MAIN ENTRY--PERSONAL NAME | |
| 9 (RLIN) | 3148 |
| Personal name | ឡុង ប៉ុណ្ណារិទ្ធ |
| 245 ## - TITLE STATEMENT | |
| Title | សុវុឌ្ឍិកម្មព្រៃគុប ឆ្នាំ ១៩៨៧ អនុតំបន់ ១៨ នៅស្រុកស្នួល ខេត្តក្រចេះ |
| 260 ## - PUBLICATION, DISTRIBUTION, ETC. (IMPRINT) | |
| Place of publication, distribution, etc. | Phnom Penh |
| Name of publisher, distributor, etc. | RUA |
| Date of publication, distribution, etc. | 1991 |
| 300 ## - PHYSICAL DESCRIPTION | |
| Extent | 110p. |
| Other physical details | ill. |
| Dimensions | 29cm. |
| 942 ## - ADDED ENTRY ELEMENTS (KOHA) | |
| Source of classification or shelving scheme | |
| Koha item type | FOR |
| Price effective from | Date last seen | Permanent Location | Not for loan | Date acquired | Source of classification or shelving scheme | Koha item type | Barcode | Lost status | Damaged status | Shelving location | Withdrawn status | Current Location | Full call number |
|---|---|---|---|---|---|---|---|---|---|---|---|---|---|
| 2015-11-01 | 2015-11-01 | Library Block B | 2015-11-01 | FOR | RUA027809 | B116 | Library Block B | FOR ឡុង 1991 B116 Or.1 | |||||
| 2015-11-01 | 2015-11-01 | Library Block B | 2015-11-01 | FOR | RUA026576 | B116 | Library Block B | FOR ឡុង 1991 B116 Or.2 | |||||
| 2015-11-01 | 2015-11-01 | Library Block B | 2015-11-01 | FOR | RUA027602 | B116 | Library Block B | FOR ឡុង 1991 B116 Or.3 | |||||
| 2015-11-01 | 2015-11-01 | Library Block B | 2015-11-01 | FOR | RUA027677 | B116 | Library Block B | FOR ឡុង 1991 B116 Or.4 | |||||
| 2016-11-21 | 2016-11-21 | Library Block B | 2016-11-21 | FOR | RUA046028 | B116 | Library Block B | FOR ឡុង 1991 B116 Or.5 | |||||
| 2016-11-21 | 2016-11-21 | Library Block B | 2016-11-21 | FOR | A03632 | B116 | Library Block B | FOR ឡុង 1991 B116 Or.6 | |||||
| 2016-11-21 | 2016-11-21 | Library Block B | 2016-11-21 | FOR | A03400 | B116 | Library Block B | FOR ឡុង 1991 B116 Or.7 |